Проблемы развития энергетической инфраструктуры в регионах с высокой стоимостью энергоресурсов (Запись № 11563326)

Подробности
000 -МАРКЕР
контрольное поле 01613nam0a2200325 i 4500
001 - ИДЕНТИФИКАТОР ЗАПИСИ
контрольное поле RU\NLR\BIBL_A\011130111
005 - ИДЕНТИФИКАТОР ВЕРСИИ
контрольное поле 20260405135452.0
010 ## - МЕЖДУНАРОДНЫЙ СТАНДАРТНЫЙ НОМЕР КНИГИ (ISBN)
Номер (ISBN) 9785949140505
Тираж 500
021 ## - НОМЕР ГОСУДАРСТВЕННОЙ РЕГИСТРАЦИИ
Код страны Российская Федерация
Номер 2016-36635
Номер Листа государственной регистраци 2353
035 ## - ДРУГИЕ СИСТЕМНЫЕ НОМЕРА
Идентификатор записи (NLR Aleph) 011130111
100 ## - ДАННЫЕ ОБЩЕЙ ОБРАБОТКИ
Данные общей обработки 20160517d2013 km y0rusy50 ca
101 0# - ЯЗЫК РЕСУРСА
Язык текста, звукозаписи и т.д. русский
102 ## - СТРАНА ПУБЛИКАЦИИ ИЛИ ПРОИЗВОДСТВА
Страна публикации Российская Федерация
105 ## - ПОЛЕ КОДИРОВАННЫХ ДАННЫХ: ТЕКСТОВЫЕ МАТЕРИАЛЫ, МОНОГРАФИЧЕСКИЕ
Кодированные данные о монографическом текстовом документе a|||z|||000yy
200 1# - ЗАГЛАВИЕ И СВЕДЕНИЯ ОБ ОТВЕТСТВЕННОСТИ
Основное заглавие Проблемы развития энергетической инфраструктуры в регионах с высокой стоимостью энергоресурсов
Сведения, относящиеся к заглавию монография
Первые сведения об ответственности Г.П. Беляков, С.И. Борталевич, Ю.В. Ерыгин
210 ## - ПУБЛИКАЦИЯ, РАСПРОСТРАНЕНИЕ И ДР.
Место издания, распространения и т.д. Москва
Имя издателя, распространителя и т. д. МПА-Пресс
-- журнал "Экономика и право"
Дата издания, распространения и т.д. 2013
215 ## - ФИЗИЧЕСКАЯ ХАРАКТЕРИСТИКА
Специфическое обозначение материала и объем 272 с.
Другие сведения о физической характеристике ил.
Размеры 21
320 ## - ПРИМЕЧАНИЯ О НАЛИЧИИ В ДОКУМЕНТЕ БИБЛИОГРАФИИ / УКАЗАТЕЛЯ
Текст примечания Библиогр.: с. 254-269 (228 назв.)
606 1# - НАИМЕНОВАНИЕ ТЕМЫ КАК ПРЕДМЕТ
Наименование темы Энергетическая безопасность
Географический подзаголовок Российская Федерация
Системный номер авторитетной/нормативной записи 2169708
Идентификатор авторитетной/нормативной записи RU\NLR\AUTH\661305249
606 1# - НАИМЕНОВАНИЕ ТЕМЫ КАК ПРЕДМЕТ
Наименование темы Топливно-энергетические комплексы
Географический подзаголовок Российская Федерация
Системный номер авторитетной/нормативной записи 2078670
Идентификатор авторитетной/нормативной записи RU\NLR\AUTH\661254532
686 1# - ИНДЕКСЫ ДРУГИХ КЛАССИФИКАЦИЙ
Индекс У9(2)-554(2Р)
686 1# - ИНДЕКСЫ ДРУГИХ КЛАССИФИКАЦИЙ
Индекс У30(2)565.1-434(2Р)
700 #1 - ИМЯ ЛИЦА - ПЕРВИЧНАЯ ОТВЕТСТВЕННОСТЬ
Графика поля Кириллица
Материалы, к которым относится поле rus
Начальный элемент ввода Беляков
Часть имени, кроме начального элемента ввода Г. П.
Даты 1943-
Расширение инициалов личного имени Геннадий Павлович
Системный номер авторитетной/нормативной записи 38805
Идентификатор авторитетной/нормативной записи RU\NLR\AUTH\7755873
701 #1 - ИМЯ ЛИЦА - АЛЬТЕРНАТИВНАЯ ОТВЕТСТВЕННОСТЬ
Начальный элемент ввода Борталевич
Часть имени, кроме начального элемента ввода С. И.
Расширение инициалов личного имени Светлана Ивановна
702 #1 - ИМЯ ЛИЦА - ВТОРИЧНАЯ ОТВЕТСТВЕННОСТЬ
Начальный элемент ввода Ерыгин
Часть имени, кроме начального элемента ввода Ю. В.
Расширение инициалов личного имени Юрий Владимирович
942 ## - ДОПОЛНИТЕЛЬНЫЕ ЭЛЕМЕНТЫ ЗАПИСИ (АБИС)
Тип экземпляра АБИС Книга
980 ## - КОЛЛЕКЦИЯ
Название коллекции НБР

Нет доступных экземпляров.